000 00937nam a2200241Ia 4500
008 130821s2006 ck gr spa
020 _a9586559920
040 _aCo-BoUCM
_bspa
041 0 0 _aspa
100 1 _aRiaño Alcalá, Pilar
_9165076
245 1 0 _aJóvenes, memoria y violencia en Medellín una antropología del recuerdo y el olvido
_cPilar Riaño Alcalá; traducción, Martha Segura
260 _aMedellín (Antioquia, Colombia)
_bEditorial Universidad de Antioquia
_c2006
300 _a276 páginas
490 _aAntropología
504 _aIncluye bibliografía.
650 0 4 _aJuventud
_vAspectos sociales
_918211
650 0 4 _aProblemas sociales
_922324
650 0 4 _aViolencia
_vAspectos sociales
_9422
700 1 _aSegura, Martha
_etr.
_9107333
765 1 0 _aDwellers of memory : youth and violence in Medellín, Colombia.
942 _cLIBRO
_a5
_e1
_mR481j
_2DEWEY
_h303.62
999 _c59898
_d59898